Cours de chimie organique (Record no. 12651)

MARC details
000 -LEADER
fixed length control field 00772 a2200301 4500
035 ## - SYSTEM CONTROL NUMBER
System control number 00308
035 ## - SYSTEM CONTROL NUMBER
System control number 02103
035 ## - SYSTEM CONTROL NUMBER
System control number 0204
035 ## - SYSTEM CONTROL NUMBER
System control number 11332
020 ## - NUMERO INTERNATIONAL NORMALISE DES LIVRES
International Standard Book Number 2-04-01916-8
100 ## - VEDETTE PRINCIPALE - NOM DE PERSONNE
Personal name ARNAUD, Paul
130 ## - VEDETTE PRINCIPALE - TITRE UNIFORME
Language of a work Fr.
260 ## - PUBLICATION, DISTRIBUTION, ETC. (IMPRINT)
Place of publication, distribution, etc Paris
260 ## - PUBLICATION, DISTRIBUTION, ETC. (IMPRINT)
Name of publisher, distributor, etc Dunod
245 ## - TITLE STATEMENT
Title Cours de chimie organique
260 ## - PUBLICATION, DISTRIBUTION, ETC. (IMPRINT)
Date of publication, distribution, etc 1993
250 ## - EDITION STATEMENT
Edition statement 15e éd. ent. refondue.- 4e tir.
300 ## - PHYSICAL DESCRIPTION
Extent xxi, 521 p.
300 ## - PHYSICAL DESCRIPTION
Other physical details ill.en coul., fig. ; 26 cm
500 ## - GENERAL NOTE
General note Notes (part. bibliographiques)
650 ## - SUBJECT ADDED ENTRY--TOPICAL TERM
Topical term or geographic name as entry element <Chimie organique-Manuel>
Holdings
Withdrawn status Lost status Damaged status Not for loan Location (home branch) Sublocation or collection (holding branch) Date acquired Koha issues (times borrowed) Koha full call number Koha date last seen Price effective from Koha item type
        Bibliothèque Ecole Polytechnique d'Abomey-Calavi Bibliothèque Ecole Polytechnique d'Abomey-Calavi 27/02/2009   547.00202/A744c 27/02/2009 27/02/2009 Livre


© 2008, Bibliothèques de l'Université d'Abomey-Calavi

04 BP 789 Cotonou, Tél. : +229 21 36 01 01, Fax : +229 21 35 06 32

Courriel : bu@bu.uac.bj